01012nam a22002537a 450000100060000000300080000600500170001400800410003103500190007204000350009104100080012608200240013410000310015824501220018926000740031130000280038550200790041350400310049265000160052370000440053994200130058399900170059695201450061380470BD-RjUL20220929165150.0220929s2006 bg ||||| m||| 00| 0 eng d a(BD-RjUL)80470 aBD-RjULbengcBD-RjULdBD-RjUL aeng 223a512.4bRAC 2006 aRashid, Md. Mahbubur9508510aCharacterizations of some radical Rings and Gamma Rings /cBy Md. Mahbubur Rashid ;6Supervisor : Akhil, Chandra Paul aRajshahi :bDepartment of Mathematics, University of Rajshahi, c2006 aiv, 98 leaves ;c29.cm. aThesis (Ph. D.) -- Department of Mathematics, University of Rajshahi, 2006 aReferences : Leaves 95 -96 aRings94962 aPaul, Akhil, Chandra, Supervisor 95084 2ddccTHE c80470d80470 102ddc40718THESESaRUCLbRUCLcDoc/Thed2007-11-18eController of Exam. R.U.l0oTHE 512.4 RAC 2006pD2651r2022-09-29 00:00:00tC-1yTHE